Statistics for Top 20 countries most guessed in Europe Map Quiz

Click here to take the quiz!

General Stats

  • This quiz has been taken 80 times
  • The average score is 19 of 20

Answer Stats

Percentage guessed Countries % Correct
93%United Kingdom
100%
90%Germany
100%
93%Italy
100%
92%Spain
99%
90%France
99%
75%Poland
97%
80%Finland
97%
83%Sweden
97%
92%Russia
97%
87%Greece
97%
91%Portugal
96%
67%Austria
96%
86%Norway
95%
90%Iceland
95%
78%Belgium
95%
75%Netherlands
92%
72%Switzerland
92%
79%Denmark
91%
70%Ukraine
88%
69%Luxembourg
75%

Score Distribution

Percentile by Number Answered

Percent of People with Each Score

Your Score History

You have not taken this quiz